Países que fazem fronteira com: Colômbia#1 - Statistics

Estatísticas Gerais
  • Esse quiz foi jogado 89 vezes
  • A pontuação média é 5 de 5
Estatísticas das Respostas
País % Correto
Brasil
100%
Venezuela
99%
Peru
98%
Equador
96%
Panamá
86%
Nenhum quiz correspondente encontrado
Distribuição das Pontuações
Porcentagem de Pessoas com Cada Pontuação
Percentil de Números Respondidos
Sua Pontuação Histórica
Você não jogou esse quiz